Study of society: a multidisciplinary approach (Record no. 21469)

MARC details
000 -LEADER
fixed length control field 00438nam a2200157Ia 4500
082 ## - DEWEY DECIMAL CLASSIFICATION NUMBER
Classification number 301 KUH-;
100 ## - MAIN ENTRY--AUTHOR NAME
Personal name Kuhn, Alfred
245 #0 - TITLE STATEMENT
Title Study of society: a multidisciplinary approach
260 ## - PUBLICATION, DISTRIBUTION, ETC. (IMPRINT)
Place of publication London
Name of publisher Social Science Paperbacks
Year of publication 1966
300 ## - PHYSICAL DESCRIPTION
Number of Pages 810p.
504 ## - BIBLIOGRAPHY, ETC. NOTE
Bibliography, etc Includes index
650 ## - SUBJECT ADDED ENTRY--TOPICAL TERM
Topical Term Sociology - Culture
650 ## - SUBJECT ADDED ENTRY--TOPICAL TERM
Topical Term Economic development - Sociological aspects
650 ## - SUBJECT ADDED ENTRY--TOPICAL TERM
Topical Term Organisational sociology
942 ## - ADDED ENTRY ELEMENTS (KOHA)
Koha item type Books
Holdings
Withdrawn status Lost status Damaged status Not for loan Home library Current library Date acquired Full call number Accession Number Price effective from Koha item type
        NASSDOC Library NASSDOC Library 08/06/2004 301 KUH-; 2633 18/04/2019 Books